000 00972nam a2200325 i 4500
001 81586
003 BD-RjUL
005 20230719114508.0
008 230719s2010 enka 001 0 eng d
020 _a9780199215423
_qpaperback
020 _a0199215421
_qpaperback
035 _a(BD-RjUL)81586
040 _aUKM
_erda
_cUKM
_dBD-RjUL
_beng
041 _aeng
082 _223
_a551.6
_bMCF 2010
100 1 _aMcIlveen, J. F. R.
_q(J. F. Robin),
_eauthor.
_98074
245 1 0 _aFundamentals of weather and climate /
_cRobin McIlveen.
250 _a2nd edition
264 1 _aOxford :
_bOxford University Press,
_c2010.
264 4 _c©2010
300 _axxv, 632 pages :
_billustrations ;
_c25 cm.
336 _atext
_2rdacontent
337 _aunmediated
_2rdamedia
338 _avolume
_2rdacarrier
504 _aIncludes bibliographical references and index.
650 0 _aWeather.
650 0 _aClimatology.
_95887
942 _2ddc
_cBK
999 _c81586
_d81586